00661nam a2200205Ia 450000500170000000800410001702000230005804000190008104100120010008200160011210000160012824501190014426000410026330000160030450400500032063000290037065000250039965100210042485000100044520240215093028.0131103s9999 xx 000 0 und d a8173912815cRs.495 aLoreto College aEnglish a352.14bGHO aGhosh,Ratna aPanchayat system in Indiab historical,constitutional and financial analysis cRatna Ghosh and Alok Kumar Pramanik aNew DelhibKanishka Publishersc1999 axii,244 p.  aIncludes bibliographical references and index aIndia - Panchayat System aLocal Administration aLocal Government aLCLIB